| 000 | 00936aab a2200205 4500 | ||
|---|---|---|---|
| 001 | 768714001 | ||
| 003 | CO-MdFUSB | ||
| 005 | 20240531103908.0 | ||
| 008 | 170509s1993 cr ||||| |||| 00| 0 spa d | ||
| 022 | _a1409-1968 | ||
| 040 |
_aCO-MdFUSB _bspa _cCO-MdFUSB _dCO-MdFUSB |
||
| 041 | _aspa | ||
| 245 | 1 | 0 | _aPermanece la persecución religiosa en Rusia |
| 300 |
_aVolumen 10. Número 4 (1993), páginas 41 _c: 27 cm. |
||
| 520 | _aFort Worth, EE.UU. A pesar de que la persecución de las creencias religiosas está declinando en la ex-Unión Soviética, un nuevo tipo de persecución está surgiendo, según un líder bautista ruso que está completando el doctorado en Teología en el Seminario Teológico Bautista "Southwestern" de esta ciudad tejana. | ||
| 653 | _aPersecución religiosa | ||
| 773 | 0 |
_tApuntes Pastorales _049442 _960148 _gVolumen 10. Número 4 (1993), páginas 41 _qPágina 41 |
|
| 942 | _cANA | ||
| 945 | _aJTF-925 | ||
| 999 |
_c49777 _d49777 |
||